00310nam a2200121Ia 4500008004100000041000800041082001400049100001900063245002800082250001800110260003600128300002400164240624s9999 xx 000 0 und d aeng a519.5 ROS aROSS SHELDON M aINTRODUCTORY STATISTICS a(3rd Ed. ed.) c2010aAmsterdombAcademic Press a818 : p. : cm. ; 28